Elementos de derecho internacional público (Record no. 158065)

MARC details
000 -LEADER
campo de control de longitud fija 01050nam a22002295i 4500
001 - NÚMERO DE CONTROL
campo de control 158065
003 - IDENTIFICADOR DE NÚMERO DE CONTROL
campo de control ES-MaACL
005 - FECHA Y HORA DE LA ÚLTIMA TRANSACCIÓN
campo de control 20250809025047.0
008 - DATOS DE LONGITUD FIJA--INFORMACIÓN GENERAL
campo de control de longitud fija 940202m18661877sp |||| | spa d
040 ## - FUENTE DE CATALOGACIÓN
Centro catalogador/agencia de origen CAM
Lengua de catalogación spa
100 1# - ENTRADA PRINCIPAL--NOMBRE DE PERSONA
Nombre de persona Lopez Sanchez, Pedro.
9 (RLIN) 129058
245 10 - MENCIÓN DEL TÍTULO
Título Elementos de derecho internacional público
Resto del título : precedidos de una introduccion a su estudio bajo los dos aspectos de su desarrollo histórico ó positivo y de su teoría /
Mención de responsabilidad, etc. por Pedro Lopez Sánchez.
260 ## - PUBLICACIÓN, DISTRIBUCIÓN, ETC.
Lugar de publicación, distribución, etc. Madrid :
Nombre del editor, distribuidor, etc. [s.n.],
Fecha de publicación, distribución, etc. 1866-1877 (
Fabricante Imp. de la Revista de Legislación, á cargo de Julian Morales)
300 ## - DESCRIPCIÓN FÍSICA
Extensión 2 v. ;
Dimensiones 22 cm.
490 1# - MENCIÓN DE SERIE
Mención de serie Biblioteca Jurídica de la Revista de Legislación y Jurisprudencia
650 #7 - PUNTO DE ACCESO ADICIONAL DE MATERIA--TÉRMINO DE MATERIA
Término de materia o nombre geográfico como elemento de entrada Derecho internacional público
Fuente del encabezamiento o término embne
9 (RLIN) 11723
710 00 - ENTRADA AGREGADA--NOMBRE DE ENTIDAD CORPORATIVA
Nombre de entidad corporativa o nombre de jurisdicción como elemento de entrada Revista General de Legislación y Jurisprudencia,
Término indicativo de función/relación
9 (RLIN) 6446
752 ## - ENTRADA AGREGADA--NOMBRE JERÁRQUICO DEL LUGAR
País o entidad superior España -
Ciudad Madrid
830 0# - PUNTO DE ACCESO ADICIONAL DE SERIE-TÍTULO UNIFORME
Título uniforme Biblioteca Jurídica de la Revista de Legislación y Jurisprudencia
9 (RLIN) 188259
852 ## - LOCALIZACIÓN
Ubicación ES-MaACL
Número de control de estantería B-5640-5641
Nota libre -- Enc. hol.
Holdings
Estatus retirado Estado de pérdida Estado de daño No para préstamo Colección Biblioteca de origen Biblioteca actual Ubicación en estantería Fecha de adquisición Fuente de adquisición Total de préstamos Signatura topográfica completa Código de barras Visto por última vez Precio de reemplazo Tipo de ítem Koha
        Libros del s. XIX Biblioteca del Ateneo de Madrid Biblioteca del Ateneo de Madrid Sala Pardo Bazán 17/01/2008     B-5640-5641 1165429 23/02/2023 23/02/2023 Libro impreso antiguo